| 000 | 00756nam a2200205Ii 4500 | ||
|---|---|---|---|
| 003 | JO-AjNU | ||
| 008 | 230605s9999||||xx |||||||||||||| ||und|| | ||
| 017 | _a1989/9/574 | ||
| 040 |
_aJO-AjNU _bara _erda _cJO-AjNU |
||
| 041 | _aara | ||
| 050 | 1 | 4 | _aZ1053.8.A7G4238 1991 |
| 100 | 3 |
_aغطاشة ،داود ابراهيم /م .مشارك عبدالقادر ابو شريفة , _eauthor _914561 |
|
| 245 | 0 | 0 | _aمصادر الدراسات الادبية اللغوية |
| 264 | 3 | 1 | _aعمان :دار القدس ،1991 |
| 300 | _a204ص | ||
| 336 |
_atext _btxt _2rdacontent |
||
| 337 |
_aunmediated _bn _2rdamedia |
||
| 338 |
_avolume _bnc _2rdacarrier |
||
| 650 | 4 |
_aالادب العربي -مصادر -الادب العربي-ببلوغرافيات _914562 |
|
| 999 |
_aA3912 _c7480 _d7480 |
||